| 000 | 00458 a2200157 4500 | ||
|---|---|---|---|
| 003 | Nust | ||
| 005 | 20221220120846.0 | ||
| 040 | _cNust | ||
| 082 | _a100, SIG | ||
| 100 |
_aSignpost _9105341 |
||
| 245 |
_aIn Tune With The Universe _cSignpost |
||
| 260 |
_alondon _bPaternoster _c1931 |
||
| 300 | _ax,212p.; | ||
| 505 | _aPART-1: Open and Empty-Mindedness (Page-1), PART-2: The Dew of the Morning (Page-77), PART-3: The Gloria (Page-153). | ||
| 942 |
_2ddc _cBK |
||
| 999 |
_c193728 _d193728 |
||